Normal view
MARC view
- Stefaniak, Jill E
Entry Personal Name
001 - CONTROL NUMBER
- control field: 15853
003 - CONTROL NUMBER IDENTIFIER
- control field: OSt
005 - DATE AND TIME OF LATEST TRANSACTION
- control field: 20260701130233.0
008 - FIXED-LENGTH DATA ELEMENTS
- fixed length control field: 260701|| aca||aabn | a|a d
040 ## - CATALOGING SOURCE
- Original cataloging agency: OSt
- Transcribing agency: OSt
100 ## - HEADING--PERSONAL NAME
- Personal name: Stefaniak, Jill E
- Fuller form of name: Jill E. Stefaniak
670 ## - SOURCE DATA FOUND
- Source citation: Work cat.: (OSt)6234: Bagdy, Lauren M. 15852, Evaluative practice in learning, design, and technology :